Quiz sur La Martinique - Statistiques

Statistiques générales
  • Ce quiz a été pris 448 fois
    430 depuis la dernière actualisation
  • Le résultat moyen est 13 sur 16
Statistiques - réponses
QUESTIONS Réponses % Correct
Quelle est la langue locale (en plus du français) ? Créole
99%
Quelle langue parle t-on en Martinique ? Français
99%
Quelle est la capitale administrative de la Martinique ? Fort de France
97%
Comment se prénomme la population de la Martinique ? Martiniquais
96%
Quel est le code postal de la Martinique en 3 chiffres ? 972
93%
Que signifie "Pani Pwoblem" en créole ? Pas de problème
90%
Quelle la boisson mondialement connue fait la renommée de l'île ? Rhum
88%
L'aéroport porte le nom de cet écrivain et homme politique. Aimé Césaire
85%
Quel est l'évènement populaire de la Martinique ? Carnaval
79%
Quel est le nom du principal volcan de la Martinique ? Montagne Pelée
79%
Combien il y a t-il de communes en Martinique ? 34
77%
Où se situe la Martinique ? Caraïbes
72%
Quelle est la danse principale de la Martinique ? Bèlè
57%
Que signifie "Nou Kontan wè zot" en créole ? Bienvenue
50%
Quel est le nom de la chanteuse du groupe Kassav ? Jocelyne Beroard
47%
Quel est l'autre nom de la Martinique ? Île aux fleurs
45%
Aucun quiz correspondant
Distribution des résultats
% des personnes avec chaque résultat
Percentile par nombre de réponses
Votre historique - résultats
Vous n’avez pas pris ce quiz depuis la dernière actualisation